LIBRARY ONLINE CATALOGUE

British pharmacopoeia 2014 (Record no. 16109)

MARC details
000 -LEADER
fixed length control field 00506nam a22001697a 4500
008 - FIXED-LENGTH DATA ELEMENTS--GENERAL INFORMATION
fixed length control field 160928b xxu||||| |||| 00| 0 eng d
020 ## - INTERNATIONAL STANDARD BOOK NUMBER
International Standard Book Number 0113229352
040 ## - CATALOGING SOURCE
Original cataloging agency KABU
Transcribing agency KABU
050 ## - LIBRARY OF CONGRESS CALL NUMBER
Classification number REF RS141.3
Item number .B75 2014 V.V C.1
245 ## - TITLE STATEMENT
Title British pharmacopoeia 2014
260 ## - PUBLICATION, DISTRIBUTION, ETC. (IMPRINT)
Place of publication, distribution, etc. London
Name of publisher, distributor, etc. MHRA
Date of publication, distribution, etc. 2014
300 ## - PHYSICAL DESCRIPTION
Extent 840 p.
650 ## - SUBJECT ADDED ENTRY--TOPICAL TERM
Source of heading or term Pharmacopoeias
General subdivision Great Britian
650 ## - SUBJECT ADDED ENTRY--TOPICAL TERM
Source of heading or term Pharmacopeias
650 ## - SUBJECT ADDED ENTRY--TOPICAL TERM
Source of heading or term Geneesmiddelen
942 ## - ADDED ENTRY ELEMENTS (KOHA)
Source of classification or shelving scheme Library of Congress Classification
Koha item type Reference
Classification part RS141.3 .B75 2014 V.V C.1
Call number prefix REF
Holdings
Withdrawn status Lost status Source of classification or shelving scheme Not for loan Home library Current library Shelving location Date acquired Cost, normal purchase price Total Checkouts Full call number Barcode Date last seen Copy number Price effective from Koha item type
    Library of Congress Classification   Kabarak, Main Campus Kabarak, Main Campus Reference 28/09/2016 297800.00   RS141.3 .B75 2014 V.V C.1 026620 28/09/2016 V. V C.1 28/09/2016 Reserve Collection
    Library of Congress Classification   Kabarak, Main Campus Kabarak, Main Campus Reference 28/09/2016 297800.00   REF RS141.3 .B75 2014 V.III C.1 026621 28/09/2016 V. III C.1 28/09/2016 Reference
    Library of Congress Classification   Kabarak, Main Campus Kabarak, Main Campus Reference 28/09/2016 297800.00   REF RS141.3 .B75 2014 V.II C.1 026619 28/09/2016 V. II C.1 28/09/2016 Reference
    Library of Congress Classification   Kabarak, Main Campus Kabarak, Main Campus Reference 28/09/2016 297800.00   REF RS141.3 .B75 2014 V.I C.1 026622 28/09/2016 V. I C.1 28/09/2016 Reference
    Library of Congress Classification   Kabarak, Main Campus Kabarak, Main Campus Reference 28/09/2016 297800.00   REF RS141.3 .B75 2014 V.IV C.1 026624 28/09/2016 V. IV C.1 28/09/2016 Reference